| 000 | 00621nam a2200217 i 4500 | ||
|---|---|---|---|
| 001 | bg | ||
| 100 | 1 | _aGilly, Daniel. | |
| 245 | 1 | 0 |
_aUnix : _bpodręcznik użytkownika systemu V i Solarisa 2.0 / _cDaniel Gilly i zesp. O'Reilly & Assoc. ; [oprac. wersji pol. Krzysztof Łabanowski]. |
| 260 |
_aWarszawa : _bRM, _c1997. |
||
| 300 |
_a460 s. : _brys. ; _c24 cm. |
||
| 504 | _aIndeks. | ||
| 630 | 0 | 9 | _aUNIX |
| 655 | _aPodręczniki | ||
| 020 | _a8387216038 | ||
| 040 | _cBPK | ||
| 041 | 1 |
_apl _hen |
|
| 080 | _a004.451UNIX(07) | ||
| 920 | _a83-87216-03-8 | ||
| 942 | _cKS | ||
| 008 | s pl f |000 0 pol | ||
| 999 |
_c32365 _d32365 |
||